| 000 | 00336nam a2200133Ia 4500 | ||
|---|---|---|---|
| 008 | 150201s2008 xx 000 0 und d | ||
| 082 |
_a612 _bE08C |
||
| 100 | _aCHATTERGE,AMAR | ||
| 245 | _aESSENTIALS OF MEDICAL PHYSIOLOGY:VIVA IN VOIC QA | ||
| 250 | _a1ST | ||
| 260 |
_bCBS _aDELHI _c2008 |
||
| 650 | _aHUMAN PHYSIOLOGY | ||
| 942 |
_2ddc _cBK |
||
| 999 |
_c891 _d891 |
||